| 000 | 00953nam a22002897a 4500 | ||
|---|---|---|---|
| 001 | BR8902443 | ||
| 003 | BR-BrBNA | ||
| 005 | 20230928093223.0 | ||
| 007 | ta | ||
| 008 | 230509b bl.||||| |||| 00| 0 por d | ||
| 040 |
_aBR-BrBNA _bpor _cBiblioteca Nacional de Agricultura |
||
| 041 | _a(Por) | ||
| 072 |
_aL40 _b5212 |
||
| 090 | _ 5212 BR8902443 | ||
| 100 | 1 | _aMarcal, A.V. | |
| 110 | 1 |
_aUniversidade de Sao Paulo, Sao Paulo (Brasil). Faculdade de Medicina Veterinaria e Zootecnia _0Tese (Doutorado) |
|
| 245 | 1 | _aEstudo morfologico do funiculo espermatico em bovinos de origem europeia (Bos taurus) | |
| 246 | 1 | _aMorphologic study of the spermatic cord in bulls (Bos taurus) | |
| 260 | 3 |
_aSao Paulo, SP (Brasil): _c1988. |
|
| 300 | _a67 p. | ||
| 500 | _a16 illus.; 20 ref.; Summaries (Eng, Por) | ||
| 650 | _aBOVINO | ||
| 650 | _aANATOMIA ANIMAL | ||
| 650 | _aHISTOLOGIA ANIMAL | ||
| 909 |
_a202309 _bLucia _c55 _dLucia Elande |
||
| 942 | _cBK | ||
| 999 |
_c43702 _d43702 |
||